Normal view
MARC view
- Zia, Muhammad Faisal
Entry Personal Name
001 - CONTROL NUMBER
- control field: 35408
003 - CONTROL NUMBER IDENTIFIER
- control field: NUST
005 - DATE AND TIME OF LATEST TRANSACTION
- control field: 20201119093544.0
008 - FIXED-LENGTH DATA ELEMENTS
- fixed length control field: 201119|| aca||aabn | a|a d
040 ## - CATALOGING SOURCE
- Original cataloging agency: NUST
- Transcribing agency: NUST
100 ## - HEADING--PERSONAL NAME
- Personal name: Zia, Muhammad Faisal
670 ## - SOURCE DATA FOUND
- Source citation: Work cat.: (NUST): Zia, Muhammad Faisal, Exploring Design of Personalized Context Aware Services Providing Platform for Futuristic Ambient Intelligent Environment /, 2014.
